| 000 | 00813nam a2200241 a 4500 | ||
|---|---|---|---|
| 001 | 70555 | ||
| 003 | BD-RjUL | ||
| 005 | 20211209082020.0 | ||
| 008 | 170418s1954 nyua b 001 0 eng d | ||
| 035 | _a(BD-RjUL)70769 | ||
| 040 |
_aDLC _cCSU _dUKM _dBD-RjUL _beng |
||
| 041 | _aeng | ||
| 082 |
_a546.652 _223 _bCOP 1954 |
||
| 245 | 1 | 0 |
_aCopper : _bthe science and technology of the metal, its alloys and compounds / _cedited Allison Butts |
| 260 |
_aNew York : _bReinhold, _c1954. |
||
| 300 |
_axii, 936 p. : _bill. ; _c24 cm. |
||
| 490 | 1 |
_aAmerican Chemical Society. Monograph series, _vno. 122 |
|
| 504 | _aIncludes bibliographies and Indexes | ||
| 650 | 0 |
_aCopper _9208834 |
|
| 700 |
_aButts, Allison, _9208835 |
||
| 830 | 0 |
_aMonograph series (American Chemical Society) ; _vno. 122. _9164985 |
|
| 942 |
_2ddc _cBK |
||
| 999 |
_c70555 _d70555 |
||